000 01549cam a22003377a 4500
999 _c23311
_d23311
001 12719555
005 20170126092005.0
008 020326s2002 enka b 001 0 eng
010 _a 2002104369
020 _a0810962586
035 _a(CStRLIN)NYUGB12624518-B
035 _a(NNU)NYUb12624518
035 _a(OCoLC)ocm50790884
040 _aVYF
_cVYF
_dNNU
_dDLC
042 _alccopycat
050 0 0 _aN6853
_b.M33C68 2002
100 1 _aCowling, Elizabeth.
245 1 0 _aInterpreting Matisse Picasso /
_cElizabeth Cowling.
260 _aLondon :
_bTate Pub. ;
_aNew York :
_bDistributed in North and South America by Harry N. Abrams,
_c2002.
300 _a80 p. :
_bill. (some col.) ;
_c22 cm.
500 _aPublished to accompany an exhibition held at Tate Modern, London, May 11-Aug. 18, 2002, the Le Grand Palais, Paris, Sept. 25, 2002-Jan. 6, 2003, and the Museum of Modern Art, New York, Feb. 13-May 10, 2003.
504 _aIncludes bibliographical references (p. 78-79) and index.
600 1 0 _aMatisse, Henri,
_d1869-1954
_xCriticism and interpretation.
600 1 0 _aPicasso, Pablo,
_d1881-1973
_xCriticism and interpretation.
710 2 _aTate Modern (Gallery)
710 2 _aGrand Palais (Paris, France)
710 2 _aMuseum of Modern Art (New York, N.Y.)
942 _2lcc
_cBOOKS
_hN6853 .M33C68 2002